Technologické postupy svařování v energetice : 5.konference : Konf. Marianské Lázně. 27.-28.listopadu 1990
Guardado en:
| Formato: | Libro |
|---|---|
| Lenguaje: | checo |
| Publicado: |
Plzeň :
VTS,
1990
|
| Materias: | |
| Etiquetas: |
Sin Etiquetas, Sea el primero en etiquetar este registro!
|
MARC
| LEADER | 00000nam a22000003a 4500 | ||
|---|---|---|---|
| 001 | stu43151 | ||
| 005 | 20150408180347.1 | ||
| 008 | 940721s1990----cs------------------cze-d | ||
| 040 | |a STU |b slo | ||
| 041 | 0 | |a cze | |
| 044 | |a cs | ||
| 080 | |a 621.791 | ||
| 080 | |a 620.9(082) | ||
| 245 | |a Technologické postupy svařování v energetice : |b 5.konference : Konf. Marianské Lázně. 27.-28.listopadu 1990 | ||
| 260 | |a Plzeň : |b VTS, |c 1990 | ||
| 300 | |a 169 s | ||
| 650 | 7 | |a zváranie |2 stusub | |
| 650 | 7 | |a energetika |2 stusub | |
| 650 | 7 | |a zborníky |2 stusub | |
| 996 | |b MZ 477 |c M*Z-477 |l MMKN |s A |a 24 |w stu43151_0001 | ||